000 00650nam a22002177a 4500
003 UA-OsUOA
001 58324
007 ta
008 20090204b un ||||| |||| 00| 0 ukr d
100 _aМакарський О.
090 _a659
_bМ15
942 _cSA
040 _aUA-OsUOA
_bukr
_cUA-OsUOA
_dUA-OsUOA
245 _a"Газова війна" в дзеркалі ЗМІ
300 _aС.9-11
955 _a0
041 _aukr
080 _a659
773 0 _w58323
650 7 _a659 Реклама. Система інформації. Громадська інформація та реклама (Паблик-Рилейшнз)
_2UDC
999 _c344408
_d344408